000 00877nmm a2200277 a 4500
001 ocm0002146542
003 TR-IsHL
005 20201028183212.0
008 190323s2017 tu tur
007 cr cn
020 _a9786059542166
035 _a2146542
_b(N$T)
050 0 4 _aPL248.B464
_bZ85 2017
090 0 4 _aPL248.B464
_bZ85 2017
100 1 _aBenggüşah
245 1 0 _aZül-Basar: çözülmeyen düğümler
_h[electronic resource] /
_cBenggüşah
260 _aİstanbul :
_bKavim Yayınları,
_c2017
300 _a313 p.
500 _aFantastik roman
650 4 _aDil ve Edebiyat
650 4 _aLanguage and Literature
650 0 _aTürk romanı
650 0 _aTurkish fiction
650 7 _aLITERARY COLLECTIONS / Middle Eastern
_2bisacsh
856 4 0 _uhttp://search.ebscohost.com/login.aspx?direct=true&scope=site&db=e011xww&AN=2146542
999 _c20425
_d20425